000 00800nam a2200265 a 4500
001 000025208
003 DO-SdBNP
005 20180214104026.0
008 110211s2011 dr a 000 0 spa d
020 _a9993483443
040 _aBPMSU
_bspa
_cBPMSU
049 _a
092 _a
_b
100 1 _aPérez Montás, Eugenio
245 1 0 _aBiografía de un monumento =
_c
_bbiography of a monument /
_hEugenio Pérez Montás ; prólogo Frank Moya Pons
246 _aBiography of a monument
260 _aSanto Domingo :
_bVoluntariado de Las Casas Reales,
_c1979
300 _a127 p.;
_c29 cm.
490 1 _a
700 1 _a Frank Moya Pons
_e pról.
830 0 _a
942 _2ddc
_cBK
945 _aRemanejado para la BNPHU / 2017 VM
956 _aVMATEO
_b10
_c20171129
_lBPMSU
_h0069
999 _c13215
_d13215